Hobbit - bohaterowie - Statystyki

Ogólne statystyki
  • Ten quiz został rozwiązany 3 502 razy
  • Średni wynik to 9 z 15
Statystyki odpowiedzi
Hint Odpowiedź % Poprawnych
1. Jedyny hobbit w kompanii Bilbo Baggins
98%
15. Czarodziej Gandalf
91%
2. Przywódca kompanii krasnoludów z rodu Durina Thorin Dębowa Tarcza
85%
3. Starszy z siostrzeńców numeru 2 Kili
74%
4. Młodszy brat numeru 3 Fili
73%
12. Najgrubszy krasnolud w kompanii Bombur
63%
5. Starszy syn Fundina, jego grób znajduje się w Morii Balin
61%
6. Młodszy brat numeru 5 Dwalin
54%
10. Ojciec Gimliego z Władcy Pierścieni Glóin
54%
14. Kuzyn numerów 12 i 13 Bifur
51%
13. Brat numeru 12 Bofur
50%
11. Pierworodny syn Gróina, brat numeru 10 Óin
42%
7. Dobrze władał pismem. Zginął w Morii. Brat numerów 8 i 9 Ori
41%
8. Urodzil się w 2941 TE, brat numerów 7 i 9 Nori
40%
9. Brat numerów 7 i 8 Dori
39%
Nie znaleziono quizów pasujących do podanych kryteriów
Rozkład punktacji
Procent ludzi z każdym wynikiem
Percentyl według liczby udzielonych odpowiedzi
Twoja historia wyników
Nie rozwiązałeś tego quizu